Detroit: Become Human Personnages - Statistiques

Statistiques générales
  • Ce quiz a été pris 512 fois
    80 depuis la dernière actualisation
  • Le résultat moyen est 17 sur 47
Statistiques - réponses
Indice Personnage % Correct
Androïde envoyé par CyberLife Connor
97%
Androïde qui mène une révolution Markus
95%
Lieutenant de police qui déteste les androïdes Hank Anderson
93%
Androïde qui voulait être mère Kara
92%
Fillette qui est en réaliter un androïde Alice Williams
85%
Grand androïde Luther
70%
Père agressif de la fillette Todd Williams
70%
Androïde de Jericho blessé à la tour de Stratford Simon
67%
Androïde de Jericho agressive North
65%
Peintre en fauteuil roulant Carl Manfred
63%
Androïde de Jericho pacifique Josh
60%
Fils drogué du peintre Leo Manfred
53%
Mentor de l'ancien PDG de CyberLife Amanda Stern
50%
Femme qui aide les androïdes Rose Chapman
50%
Ancien PDG de CyberLife Elijah Kamski
47%
Chien du Lieutenant Sumo
42%
Androïde de Jericho très abîmée Lucy
40%
Fils du Lieutenant Cole Anderson
37%
Androïde de l'ancien PDG de CyberLife Chloe
35%
Homme faisant des experiences sur les androïdes Zlatko Andronikov
35%
Fils de celle qui aide les androïdes Adam Chapman
33%
Androïdes d'un parc d'attraction abandonnée Jerry
33%
Androïde travaillant dans un entrepôt de CyberLife John
28%
Père de l'otage John Phillips
27%
Homme tué par 28 coups de couteaux Carlos Ortiz
23%
Androïde qui allait être remplacé Daniel
23%
Déviant habitant dans une maison abandonnée Ralph
23%
Déviante aux cheuveux bleues de l'Eden Club Traci aux cheuveux bleues
23%
Déviante aux cheuveux bruns de l'Eden Club Traci aux cheveux bruns
23%
Détective désagréable de la police de Détroit Gavin Reed
22%
Agent du FBI Richard Perkins
22%
Otage de l'androïde qui allait être remplacé Emma Phillips
20%
Chef de la police de Détroit Jeffrey Fowler
18%
Officier de la police de Détroit Chris Miller
15%
Propriétaire du Jimmy's Bar Jimmy Peterson
15%
Présidente des États Unis Cristina Warren
13%
Déviant qui aime les oiseaux Rupert
13%
Membre de la police de Détroit Benjamin "Ben" Collins
7%
Capitaine de la police de Détroit Captaine Allen
7%
Propriétaire du Chicken Feed Gary Kayes
7%
Policier tué par l'androïde qui allait être remplacé Antony Deckart
3%
Déviant de la tour Stratford (écrivez son matricule) JB300
3%
Mère de l'otage Caroline Phillips
2%
Déviant caché dans le grenier (écrivez son matricule) HK400
2%
Victime de l'Eden Club Michael Graham
2%
Policier blessé par l'androïde qui allait être remplacé Miles Wilson
2%
Victime de la tour Stratford Evan Thompson
0%
Aucun quiz correspondant
Distribution des résultats
% des personnes avec chaque résultat
Percentile par nombre de réponses
Votre historique - résultats
Vous n’avez pas pris ce quiz depuis la dernière actualisation